| 000 | 006400000a22001810004500 | ||
|---|---|---|---|
| 003 | MACL | ||
| 005 | 20160611132927.0 | ||
| 008 | 160611b xxu||||| |||| 00| 0 eng d | ||
| 040 |
_aMACL _cMACL |
||
| 041 | _aHindi | ||
| 082 | _a100 | ||
| 100 |
_aडॉ अग्रवाल, प्रमिता _964293 |
||
| 245 |
_aअदैतवेदान्त संप्रदाय में ईश्वर _cडॉ प्रमिता अग्रवाल |
||
| 260 |
_bलोकभारती प्रकाशन _c1990 _aइलाहाबाद |
||
| 350 | _a75 | ||
| 650 |
_aPhilosophy _964295 |
||
| 942 |
_cHIN _k100 _2ddc |
||
| 999 |
_c30184 _d30184 |
||